Quiz o Dżibuti - Statystyki

Ogólne statystyki
  • Ten quiz został rozwiązany 854 razy
  • Średni wynik to 12 z 18
Statystyki odpowiedzi
Wskazówka Odpowiedź % Poprawnych
Państwa graniczące Etiopia
93%
Azjatyckie państwo oddalone tylko 20 km od Dżibuti Jemen
93%
Państwa graniczące Erytrea
92%
Państwa graniczące Somalia
91%
Stolica Dżibuti
89%
Najpopularniejsza religia Islam
89%
Dwa zbiorniki wodne połączone tą cieśniną Morze {Czerwone}
86%
Języki oficjalne arabski
85%
Języki oficjalne francuski
82%
Półwysep, na którym leży Dżibuti Półwysep {Somalijski}
80%
Dżibuti było częścią tego imperium w latach 1577–1867 Imperium {Osmańskie}
72%
Dżibuti jest niezwykłe, ponieważ obsługuje bazy ____ z wielu różnych państw, w tym ze Stanów Zjednoczonych, Japonii, Chin i Francji wojskowe
70%
Dwa zbiorniki wodne połączone tą cieśniną Zatoka {Adeńska}
44%
Zaledwie 0,09% lądu Dżibuti to...
* najniższy procent w jakimkolwiek państwie
Ziemia {uprawna}
40%
Waluta Frank Dżibuti
36%
Strategiczna cieśnina położona pomiędzy Dżibuti a powyższym Bab el-{Mandeb}
30%
Brzegi jeziora Assal mają największą ______ ze wszystkich miejsc lądowych w Afryce Głębokość
29%
Mówi się, że to starożytne królestwo istniało wokół Dżibuti przed 1000 r. p.n.e.
* wskazówka: zaczyna się na P
Punt
21%
Nie znaleziono quizów pasujących do podanych kryteriów
Rozkład punktacji
Procent ludzi z każdym wynikiem
Percentyl według liczby udzielonych odpowiedzi
Twoja historia wyników
Nie rozwiązałeś tego quizu